Indian land titles in Oklahoma : hearings before a subcommittee of the Committee on Indian Affairs, House of Representatives, Sixty-eighth Congress, second session, pursuant to H. Res. 348. January 6, 1925.
Disimpan dalam:
| Pengarang Korporat: | |
|---|---|
| Format: | Buku |
| Bahasa: | English |
| Diterbitkan: |
Washington,
Govt. Print. Off.,
1925.
|
| Subjek-subjek: | |
| Penanda-penanda: |
Tambah Penanda
Tiada Penanda, Jadilah orang pertama menanda rekod ini!
|
| LEADER | 00832nam a2200217M 4500 | ||
|---|---|---|---|
| 001 | 008564697-0 | ||
| 005 | 20020606104010.5 | ||
| 008 | 840508s1925 dcu f000 0 eng | ||
| 010 | |a 48038856 | ||
| 035 | 0 | |a ocm21658456 |z ocm06238932 | |
| 040 | |a DLC |c CUY |d CLE |d HLS | ||
| 043 | |a n-us-ok | ||
| 050 | 0 | |a E78.O45 |b U517 | |
| 110 | 1 | |a United States. |b Congress. |b House. |b Committee on Indian Affairs. | |
| 245 | 1 | 0 | |a Indian land titles in Oklahoma : |b hearings before a subcommittee of the Committee on Indian Affairs, House of Representatives, Sixty-eighth Congress, second session, pursuant to H. Res. 348. January 6, 1925. |
| 260 | |a Washington, |b Govt. Print. Off., |c 1925. | ||
| 300 | |a 39 p. |c 23 cm. | ||
| 650 | 0 | |a Indians of North America |z Oklahoma. | |
| 650 | 0 | |a Indians of North America |x Land tenure. | |
| 988 | |a 20020608 | ||
| 906 | |0 DLC | ||


